000 00674nam a22002297a 4500
003 OSt
005 20140310181742.0
008 130323t xxu||||| |||| 00| 0 eng d
020 _a087966715X
050 _aLB 1573
_b.B715e1 1981
082 _aTR 372.6s
_bB64sy 1981
100 _aBoning, Richard A.
_9392
245 _aSyllabication :
_bE1 through E3 /
_cRichard A. Boning
260 _aNew York :
_bBarnell Loft Ltd,
_cc1981.
300 _a50 p. :
_c18 cm.
521 _aFaculty
541 _j1
562 _e1
650 _aReading
_xProgrammed instruction.
_9723
650 _aReading
_xStudy and teaching (Elementary).
_9724
942 _2lcc
_cBK-TR
_kTR
999 _c2815
_d2815